000 00760nam a2200277Ia 4500
001 Para_5578
003 CHAP
008 220125s1990 xx 000 0 und d
010 _a204025
040 _cCHAP
082 _aPA 632 C35
100 _aCampbell, C.Lee
_917946
245 _aIntroduction to plant disease epidemiology /
_c by C. Lee Campbell and Laurence V. Madden
260 _aNew York :
_b John Wiley and Sons.
300 _a532 p.
650 _aEpidemiología
_937215
650 _aFitopatología
_941161
700 _aMadden, Laurence V.
_969581
901 _aPA 632 C35
902 _aA
905 _a0000001990 a 0000000000 00
910 _a1990
942 _cPARA
942 _cPARA
_d1
999 _c204025
_d204025